000 01092nam a2200289 c 4500
003 BLK
005 20180422115247.0
008 180411b bul|||||r ||||||| ||bul||
010 _aKNG00191954000
040 _aBLK
041 _aBUL
_cBUL
080 _aМетеорология. Климатология
_b551.5
_x
_z551.5
100 1 _aДимитров, Димитър Йорданов
_eпърви автор
_9373212
139 _aДимитров, Димитър Йорданов
_bД 58
245 1 0 _aВремето в България
_cДимитър Йорданов Димитров.
257 _aBGR
260 София
_bНаука и изкуство
_c1960
300 _a153 с.
_bс ил., 5 отд. л. табл.
_c20 см
380 _a5
490 1 _aБиблиотека Българско географско дружeство
653 _aметеорология
852 _aЦб І 3671
856 4 _qpdf
_u
856 4 _qpdf
_u
942 _cKNG
_n0
944 _aCR
_c07.10.2016
_kНаталия_Любомирова
944 _aED
_c07.10.2016
_kНаталия_Любомирова
999 _c183029
_d183029